Royals: Britische Königsfamilie - Statistiken

Allgemein
  • Dieses Quiz wurde 138 mal gespielt
  • Das Durchschnittsergebnis liegt bei 18 aus 36
Antwortstatistiken
Bildquiz Antwort % Korrekt
König {Charles}
99%
Prinz {William}
97%
Prinzessin {Catherine}
96%
Königsgemahlin {Camilla}
90%
Prinzessin {Anne}
90%
Prinz {Harry}
86%
Prinz {Andrew}
83%
Prinz {George}
83%
Prinz {Edward}
78%
Prinzessin {Charlotte}
77%
Prinz {Louis}
75%
Herzogin {Meghan}
73%
Prinzessin {Eugenie}
51%
Prinz {Archie}
50%
Prinzessin {Beatrice}
48%
{Zara} Tindall
48%
Prinzessin {Lilibet}
45%
Herzogin S{arah} F{erguson}
44%
Lady {Louise}
39%
Graf {James}
37%
{Mia} Tindall
34%
Herzogin {Sophie}
33%
{Peter} Phillips
33%
{Mike} Tindall
32%
{August} Brooksbank
23%
{Isla} Phillips
23%
{Lucas} Tindall
22%
{Savannah} Phillips
21%
{Sienna} Mapelli Mozzi
21%
{Lena} Tindall
20%
Sir T{imothy} L{aurence}
19%
{Ernest} Brooksbank
18%
{Athena} Mapelli Mozzi
17%
{Autumn} Phillips
17%
{Jack} Brooksbank
17%
{Edoardo} Mapelli Mozzi
13%
Keine übereinstimmenden Quizze gefunden
Verteilung der Resultate
Anzahl Personen mit jedem Resultat
Perzentil nach korrekt beantworteten Fragen
Ihre Resultats-Entwicklung
Sie haben dieses Quiz noch nicht gespielt